Libraries

Αποθηκεύτηκε σε:
Λεπτομέρειες βιβλιογραφικής εγγραφής
Άλλοι συγγραφείς: Konya, Allan
Μορφή: Βιβλίο
Γλώσσα:English
Δημοσίευση: London : Architectural Press, c1986
Σειρά:Briefing and design guide
Θέματα:
Ετικέτες: Προσθήκη ετικέτας
Δεν υπάρχουν, Καταχωρήστε ετικέτα πρώτοι!

MARC

LEADER 00000nam a2200000 i 4500
001 1/74827
008 050406s1986 eng d
020 |a 0-85139-765-4 
035 |l 10077531 
040 |a GR-MY-UA  |b gre  |e aacr 
041 0 |a eng 
082 0 |a 727.8  |2 (21) 
245 1 0 |a Libraries /  |c [Allan Konya] 
260 |a London :   |b Architectural Press,   |c c1986 
300 |a 182 σ.;  |b εικ.;  |c 25 εκ. 
490 1 |a A briefing and design guide 
650 0 0 |a Library architecture. 
650 0 0 |a Library buildings. 
650 0 0 |a Library decoration. 
700 1 |a Konya, Allan. 
830 0 |a Briefing and design guide 
852 |a INST  |b LESVOS  |e 20050406  |h 727.8 LIB  |p 005100027966  |q 005100027966  |t BK  |y 0 
901 |a BIBL1-2005-1 
909 |a Λ  |b 010201 
922 |a 1ΕΛΗ  |b 198804  |c ΠΠ/4112  |d GLORY 
970 |a ΤΖΑΦΕΡΗ  |b ΕΥΑΓΓΕΛΙΑ  |z 2005/04/06